The henry holt handbook of current science & technology

Gorde:
Xehetasun bibliografikoak
Egile nagusia: Bunch, Bryan
Formatua: Liburua
Hizkuntza:Undetermined
Argitaratua: New York Henry Holt 1992
Gaiak:
Etiketak: Etiketa erantsi
Etiketarik gabe, Izan zaitez lehena erregistro honi etiketa jartzen!
Thư viện lưu trữ: Trung tâm Học liệu Trường Đại học Cần Thơ
LEADER 00499nam a2200181Ia 4500
001 CTU_78573
008 210402s9999 xx 000 0 und d
082 |a 509 
082 |b B942 
100 |a Bunch, Bryan 
245 4 |a The henry holt handbook of current science & technology 
245 0 |c Bryan Bunch 
260 |a New York 
260 |b Henry Holt 
260 |c 1992 
650 |a Natural science 
650 |x Theory natural science 
980 |a Trung tâm Học liệu Trường Đại học Cần Thơ